Twenty five years a civilian. (Record no. 54494)

MARC details
000 -LEADER
fixed length control field 00562cam a22002051 4500
001 - CONTROL NUMBER
control field sa 63002511
003 - CONTROL NUMBER IDENTIFIER
control field DLC
005 - DATE AND TIME OF LATEST TRANSACTION
control field 20260227111934.0
008 - FIXED-LENGTH DATA ELEMENTS--GENERAL INFORMATION
fixed length control field 820408s1962 enk 000 0 eng
010 ## - LIBRARY OF CONGRESS CONTROL NUMBER
LC control number sa 63002511
025 ## - OVERSEAS ACQUISITION NUMBER
Overseas acquisition number PL480:I-E-1318
035 ## - SYSTEM CONTROL NUMBER
System control number (OCoLC)8322546
040 ## - CATALOGING SOURCE
Original cataloging agency DLC
Transcribing agency ViU
Modifying agency DLC
050 00 - LIBRARY OF CONGRESS CALL NUMBER
Classification number DS421
Item number .P17
100 1# - MAIN ENTRY--PERSONAL NAME
Personal name Panchapakesa Ayyar, A. S.,
Dates associated with a name 1899-1963.
245 10 - TITLE STATEMENT
Title Twenty five years a civilian.
260 ## - PUBLICATION, DISTRIBUTION, ETC.
Place of publication, distribution, etc. Madras,
Name of publisher, distributor, etc. V. Ramaswamy Sastrulu,
Date of publication, distribution, etc. 1962.
300 ## - PHYSICAL DESCRIPTION
Extent 474 p.
Dimensions 19 cm.
651 #0 - SUBJECT ADDED ENTRY--GEOGRAPHIC NAME
Geographic name India
General subdivision Social life and customs.

No items available.

Powered by Koha